00867nam a22002417a 4500008004100000020001500041037001500056040003500071041000800106082001400114100004600128245005500174246003900229264005000268300003000318586003600348650002600384650002600410650001000436700002900446999001700475952013300492240320t1977 ck gr 000 p spa d a8475302025 3Donación aCO-JMCRcCO-JMCRdCO-JMCRerda0 aspa04aA-PbMONh1 eautoraMontale, Eugenio943580d1896-198110aHuesos de sepia y otros poemas / cEugenio Montale aTutte le poesie di Eugenio Montale aBogotá : bEdiciones Orbis, S.A. , c©1977 a220 páginas : c20 cm.  aPremio Nobel de Literatura 197514ySiglo XIX - XX94358124ySiglo XIX - XX94358234943583 aFrabetti, Carlo, 943584 c30715d17099 00104070aCPLbCPLcFICd2023-01-06eDonaciónl1oA-P MONhp201812181r2026-04-24 16:40:43s2026-04-24tEj.1w2024-03-20yBK